00680nam a2200193 i 450000100060000000300090000600500170001500700030003200800410003510000250007624500830010125000150018426000460019930000320024570000380027785200320031599900170034795201220036478849ES-MaACL20230906173832.0t|041018s1965 ag ||||1| spa d1 aHegner, H. S.96232613aEl crimen político / cH.S. Hegner ; [traducción de Ana Mª de la Fuente]. a[1ª ed.]. aBuenos Aires : bPlaza & Janés, c1965. a468 p., 8 lám. ; c22 cm.1 aFuente, Ana María de la.952831 aES-MaACLjC-27629 bR.56778 c78849d78849 00104070aATENEOMbATENEOMcDEPO2d2008-01-17eSCl0oC-27629p1082462r2023-02-23 00:00:00w2023-02-23yMONOGRAFIA